|
|
|
|
| LEADER |
00000cam a2200000 a 4500 |
| 001 |
vtls001320752 |
| 003 |
SK-MaSNL |
| 005 |
20260301200217.0 |
| 008 |
240318s1965 xr grf 00000 cze |
| 035 |
|
|
|a SNK000273387
|
| 040 |
|
|
|a SNK
|b slo
|c SNK
|e AACR2
|
| 041 |
0 |
|
|a cze
|
| 044 |
|
|
|a xr
|c CZ
|
| 072 |
|
7 |
|a 656.2
|x Železničná doprava
|2 konspekt
|
| 080 |
|
|
|a 656.21
|2 2011
|
| 080 |
|
|
|a (035)
|2 2011
|
| 100 |
1 |
|
|a Spiro, Eugen
|4 aut
|9 307395
|
| 245 |
1 |
0 |
|a Nákladní vozy ČSD
|b označení, rozměry, použitelnost
|c Eugen Spiro, Arnošt Křivohlavý
|
| 250 |
|
|
|a 5. vyd.
|
| 260 |
|
|
|a Praha
|b Nakladatelství dopravy a spojů
|c 1965
|
| 300 |
|
|
|a 47 s.
|
| 650 |
0 |
7 |
|a nákladné železničné vozne
|2 SNKPH
|9 79455
|
| 650 |
0 |
7 |
|a Freight cars
|2 SNKPHeng
|9 579086
|
| 655 |
|
7 |
|a príručky
|2 SNKPH
|9 74364
|
| 655 |
|
7 |
|a Handbooks, manuals, etc.
|2 SNKPHeng
|9 90964
|
| 700 |
1 |
|
|a Křivohlavý, Arnošt
|4 aut
|9 579087
|
| 852 |
|
|
|a Štátna vedecká knižnica v Banskej Bystrici
|
| 958 |
|
|
|a OND
|
| 999 |
|
|
|c 889472
|d 891402
|
| 952 |
|
|
|t P60, <04>, [BOOK], {604}
|a SNK
|b SNK
|y NEVYP
|7 0
|p 17A0123952
|o snkID 39602 D1
|0 0
|1 1
|4 0
|d 1998-02-13
|l 0
|r 2005-01-02 00:00:00
|w 2026-02-24
|